000 00366nam a2200145Ia 4500
008 191201s2010 xx 000 0 und d
020 _a9788178085531
082 _a005.133
_bPRP
100 _aPRATT,terrance W
245 0 _aProgramming Languages: Design and Implementation
260 _aN.Delhi
_bPearson
_c2010
300 _a590
650 _aMCA
942 _2ddc
_cBK
999 _c5016
_d5016